Aktuálna organizácia cestovného ruchu vo verejnom sektore na Slovensku

Cestovný ruch - spoločná úloha verejného a súkromného sektora. Národná úroveň organizácie cestovného ruchu v SR. Miestna a regionálna úroveň organizácie cestovného ruchu V SR.

Enregistré dans:
Détails bibliographiques
Auteur principal: Mišúnová, Ema
Format: Chapitre de livre
Langue:slovaque
Sujets:
Tags: Ajouter un tag
Pas de tags, Soyez le premier à ajouter un tag!

MARC

LEADER 00000naa$a2200000$$$4500
001 0046239
005 20240502071533.8
041 0 |a slo 
044 |a SK 
245 1 0 |a Aktuálna organizácia cestovného ruchu vo verejnom sektore na Slovensku  |c Ema Mišúnová 
520 |a Cestovný ruch - spoločná úloha verejného a súkromného sektora. Národná úroveň organizácie cestovného ruchu v SR. Miestna a regionálna úroveň organizácie cestovného ruchu V SR. 
610 2 0 |a ruch cestovný 
610 2 0 |a sektor verejný 
610 2 0 |a Slovensko 
610 2 0 |a správa štátna 
610 2 0 |a samospráva miestna 
610 2 0 |a regióny 
610 2 0 |a obce 
100 1 |a Mišúnová, Ema